00896nam a22002417a 4500003000500000005001700005008004100022010001000063011001000073035001100083040000900094100003200103245015500135260004000290300004500330502007900375530003600454650002900490650002400519650001800543650002900561856006400590CHAP20220817044309.0091026s2009 mx r 00010 spa d a96950 a97922 a108596 cCHAP1 aJuárez Pópez, Porfirio.10aProducción y calidad de genotipos nativos de jitomate ( Lycopersicon esculentum Mill.) en invernadero e hidroponíac/por Porfirio Juárez López aChapingo, Méx. :bEl autor,c2009 axvii, 97 h. :bcuadros, gráfs. , ilus. aTesis (Dr.en Ciencias en Horticultura) -- UACH. Departamento de Fitotecnia aTambién disponible en línea14aCultivos en invernadero.14aGenética vegetal.14aHidroponía.14aTomatezMéxico (Edo.). 3Finding aiduhttp://10.13.5.2/tesis/108596.pdfzTeclea aqui